| 000 | 11789nas1a22010931i 4500 | ||
|---|---|---|---|
| 001 | RU\NLR\INFOCOMM10\1000298704 | ||
| 005 | 20240723092651.0 | ||
| 035 | _a(NLR Aleph) 002309555 | ||
| 090 |
_a4303011 _c4303011 |
||
| 100 | _a20041018b18821917|||y0rusy50 ca | ||
| 101 | 0 | _arus | |
| 102 | _aRU | ||
| 110 | _aafa||||0|y0 | ||
| 200 | 1 |
_aРодник _eИлл. журн. для детей |
|
| 207 | 1 | _aГ.[1]-36 | |
| 210 |
_aСПб. _cЕ.Сысоева _d1882-1917 |
||
| 300 | _a№5 и 6 (1916) вышли в общ. обл. | ||
| 311 | _aОбразовался в результате реорганизации Отдела для детского чтения журнала "Воспитание и обучение" | ||
| 320 | _aПисатели и художники, работавшие в "Роднике" за 25 лет его существования (В журн. ... 1906 №23/24, с.170-172) | ||
| 325 | 1 | _aВоспроизведен микрофильм. 1882, Т.1-4, № 1-12. РНБ Репрография: Санкт-Петербург, 2003. Негатив: 688 кадров; микрофильм рулонный; 35мм; монохромный; основа безопасная; эмульсия галогеносеребряная; основная страховая копия. | |
| 325 | 1 | _aВоспроизведен микрофильм. 1883, Т.5-8, № 1-12. РНБ Репрография: Санкт-Петербург, 2003. Негатив: 712 кадров; микрофильм рулонный; 35мм; монохромный; основа безопасная; эмульсия галогеносеребряная; основная страховая копия. | |
| 325 | 1 | _aВоспроизведен микрофильм. 1884, Т.9-12, № 1-12. РНБ Репрография: Санкт-Петербург, 2003. Негатив: 698 кадров; микрофильм рулонный; 35мм; монохромный; основа безопасная; эмульсия галогеносеребряная; основная страховая копия. | |
| 325 | 1 | _aВоспроизведен микрофильм. 1885, № 1-6. РНБ Репрография: Санкт-Петербург, 2003. Негатив: 316 кадров; микрофильм рулонный; 35мм; монохромный; основа безопасная; эмульсия галогеносеребряная; основная страховая копия. | |
| 325 | 1 | _aВоспроизведен микрофильм. 1885, № 7-12. РНБ Репрография: Санкт-Петербург, 2003. Негатив: 344 кадра; микрофильм рулонный; 35мм; монохромный; основа безопасная; эмульсия галогеносеребряная; основная страховая копия. | |
| 325 | 1 | _aВоспроизведен микрофильм. 1886, № 1-6. РНБ Репрография: Санкт-Петербург, 2003. Негатив: 339 кадров; микрофильм рулонный; 35мм; монохромный; основа безопасная; эмульсия галогеносеребряная; основная страховая копия. | |
| 325 | 1 | _aВоспроизведен микрофильм. 1886, № 7-12. РНБ Репрография: Санкт-Петербург, 2003. Негатив: 370 кадров; микрофильм рулонный; 35мм; монохромный; основа безопасная; эмульсия галогеносеребряная; основная страховая копия. | |
| 325 | 1 | _aВоспроизведен микрофильм. 1887, № 1-6. РНБ Репрография: Санкт-Петербург, 2003. Негатив: 373 кадра; микрофильм рулонный; 35мм; монохромный; основа безопасная; эмульсия галогеносеребряная; основная страховая копия. | |
| 325 | 1 | _aВоспроизведен микрофильм. 1887, № 7-12. РНБ Репрография: Санкт-Петербург, 2003. Негатив: 336 кадров; микрофильм рулонный; 35мм; монохромный; основа безопасная; эмульсия галогеносеребряная; основная страховая копия. | |
| 325 | 1 | _aВоспроизведен микрофильм. 1888, № 1-6. РНБ Репрография: Санкт-Петербург, 2003. Негатив: 336 кадров; микрофильм рулонный; 35мм; монохромный; основа безопасная; эмульсия галогеносеребряная; основная страховая копия. | |
| 325 | 1 | _aВоспроизведен микрофильм. 1888, № 7-12. РНБ Репрография: Санкт-Петербург, 2003. Негатив: 348 кадров; микрофильм рулонный; 35мм; монохромный; основа безопасная; эмульсия галогеносеребряная; основная страховая копия. | |
| 325 | 1 | _aВоспроизведен микрофильм. 1890, № 7-12. РНБ Репрография: Санкт-Петербург, 2003. Негатив: 368 кадров; микрофильм рулонный; 35мм; монохромный; основа безопасная; эмульсия галогеносеребряная; основная страховая копия. | |
| 325 | 1 | _aВоспроизведен микрофильм. 1891, № 1-6. РНБ Репрография: Санкт-Петербург, 2003. Негатив: 369 кадров; микрофильм рулонный; 35мм; монохромный; основа безопасная; эмульсия галогеносеребряная; основная страховая копия. | |
| 325 | 1 | _aВоспроизведен микрофильм. 1891, № 7-12. РНБ Репрография: Санкт-Петербург, 2003. Негатив: 378 кадров; микрофильм рулонный; 35мм; монохромный; основа безопасная; эмульсия галогеносеребряная; основная страховая копия. | |
| 325 | 1 | _aВоспроизведен микрофильм. 1892, № 1-6. РНБ Репрография: Санкт-Петербург, 2003. Негатив: 372 кадра; микрофильм рулонный; 35мм; монохромный; основа безопасная; эмульсия галогеносеребряная; основная страховая копия. | |
| 325 | 1 | _aВоспроизведен микрофильм. 1892, № 7-12. РНБ Репрография: Санкт-Петербург, 2003. Негатив: 403 кадра; микрофильм рулонный; 35мм; монохромный; основа безопасная; эмульсия галогеносеребряная; основная страховая копия. | |
| 325 | 1 | _aВоспроизведен микрофильм. 1894, № 7-12. РНБ Репрография: Санкт-Петербург, 2003. Негатив: 374 кадра; микрофильм рулонный; 35мм; монохромный; основа безопасная; эмульсия галогеносеребряная; основная страховая копия. | |
| 488 | 0 |
_12001#$aВоспитание и обучение _tВоспитание и обучение |
|
| 801 | 1 |
_aRU _bInfoComm _c20041018 |
|
| 801 | 0 |
_aRU _bNLR _gPSBO |
|
| 801 | 2 |
_aRU _bNLR _c20081225 _2rusmarc |
|
| 852 |
_aNLR _j2/311 |
||
| 852 |
_aNLR _bМф _jП1/9359 |
||
| 942 | _cJOURNAL | ||
| 980 | _aRUSPER | ||